[Event "Ì17Â"]
[Site "Loo"]
[Date "2017.04.23"]
[Round "4.24"]
[White "Êîíîíîâ, Âëàäèñëàâ."]
[Black "×èæî, Àëåêñàíäð."]
[Result "1-0"]
[WhiteElo "2092"]
[BlackElo "1962"]
[PlyCount "155"]
[EventDate "2017.04.20"]

1. d4 d5 2. c4 c6 3. Nf3 e6 4. g3 f5 5. Bg2 Nf6 6. O-O Bd6 7. Nc3 Nbd7 8. Qc2
O-O 9. cxd5 cxd5 10. Nb5 Bb8 11. Bf4 Bxf4 12. gxf4 Nb6 13. Nc7 Rb8 14. Ng5 Qe7
15. Qc5 Qxc5 16. dxc5 Na4 17. Ncxe6 Bxe6 18. Nxe6 Rfe8 19. Nd4 Nxb2 20. Rab1
Nc4 21. Rfc1 g6 22. e3 Ne4 23. Nb5 Rec8 24. Bxe4 fxe4 25. Nxa7 Rxc5 26. Rb5
Rxb5 27. Nxb5 Ra8 28. Nc3 Nb6 29. Rb1 Ra6 30. Rb5 Kf7 31. Nxd5 Nxd5 32. Rxd5
Rxa2 33. Rd7+ Kf6 34. Rxb7 h6 35. Rb5 Rc2 36. Kg2 Ra2 37. Kg3 Ra1 38. Re5 Ra4
39. Re8 Rb4 40. Rh8 Kg7 41. Rd8 Rb7 42. Rd4 Re7 43. Kg4 Kf6 44. Rd6+ Kg7 45. h4
Ra7 46. Rd4 h5+ 47. Kg3 Re7 48. f5 Re5 49. Rd7+ Kf6 50. fxg6 Kxg6 51. Rd6+ Kg7
52. Kf4 Re7 53. Rd4 Rf7+ 54. Kg5 Rxf2 55. Rxe4 Rg2+ 56. Kxh5 Kf6 57. Rg4 Ra2
58. Rf4+ Kg7 59. Kg5 Ra5+ 60. Rf5 Ra4 61. Re5 Ra1 62. h5 Rg1+ 63. Kf5 Kf7 64.
Re4 Rg3 65. Kf4 Rh3 66. Kg4 Rh1 67. Kg5 Rg1+ 68. Rg4 Rh1 69. e4 Kg7 70. Rh4
Rg1+ 71. Kf5 Rf1+ 72. Ke6 Kh6 73. e5 Rf2 74. Ke7 Re2 75. e6 Rf2 76. Ke8 Re2 77.
e7 Rf2 78. Rd4 1-0

[Event "Ì17Â"]
[Site "Loo"]
[Date "2017.04.23"]
[Round "4.25"]
[White "Ñàðàòîâñêèé, Äìèòðèé."]
[Black "Ëèëîâ, Àëåêñàíäð."]
[Result "0-1"]
[WhiteElo "1929"]
[BlackElo "2088"]
[PlyCount "120"]
[EventDate "2017.04.20"]

1. d4 c5 2. d5 g6 3. c4 Bg7 4. Nc3 Bxc3+ 5. bxc3 f5 6. Qc2 Qa5 7. f3 Nf6 8. Bd2
d6 9. e4 e5 10. dxe6 Bxe6 11. exf5 Bxf5 12. Bd3 Bxd3 13. Qxd3 O-O 14. Nh3 Re8+
15. Kf2 Nc6 16. Bg5 Ne5 17. Qd2 Nxc4 18. Qf4 Ne4+ 19. fxe4 Rf8 20. Bf6 Rxf6 21.
Qxf6 Rf8 22. Qxf8+ Kxf8 23. Rhc1 Kg7 24. Rc2 Na3 25. Re2 Qxc3 26. Rd1 Nc4 27.
e5 dxe5 28. Ng5 Nb6 29. Nf3 e4 30. Nd2 Qc2 31. Ke1 e3 32. Nf3 Qc3+ 33. Kf1 Nc4
34. g3 b5 35. Kg2 a5 36. h4 Ne5 37. Nxe5 Qxe5 38. Rde1 Qd5+ 39. Kh2 a4 40. Rxe3
Qxa2+ 41. R1e2 Qd5 42. Re5 Qc4 43. R5e4 Qb3 44. R4e3 b4 45. Re7+ Kf6 46. g4 g5
47. h5 Qc4 48. Kh3 Qd3+ 49. Kg2 Qxe2+ 50. Rxe2 a3 51. Ra2 Ke5 52. Kf3 Kd4 53.
Ke2 Kc3 54. Kd1 Kb3 55. Ra1 Kb2 56. Rc1 a2 57. Rc2+ Ka3 58. Rc1 b3 59. Kd2 b2
60. Rc3+ Kb4 0-1

[Event "Ì17Â"]
[Site "Loo"]
[Date "2017.04.23"]
[Round "4.26"]
[White "Òþðèí, Èëüÿ."]
[Black "Àíòîíÿí, Ãðàíò."]
[Result "1-0"]
[WhiteElo "2019"]
[BlackElo "2059"]
[PlyCount "65"]
[EventDate "2017.04.20"]

1. e4 e5 2. Nf3 Nc6 3. d4 exd4 4. Nxd4 Bc5 5. Nxc6 bxc6 6. Bd3 Qh4 7. Qe2 Nf6
8. h3 O-O 9. g3 Qh5 10. g4 Qe5 11. g5 Ne8 12. f4 Qe7 13. Be3 Bxe3 14. Qxe3 d5
15. e5 Nd6 16. Nd2 Nf5 17. Qf2 c5 18. c4 dxc4 19. Nxc4 Nd4 20. O-O-O Rd8 21.
Ne3 Rb8 22. Qh4 g6 23. Ng4 Rb6 24. Nf6+ Rxf6 25. gxf6 Qe8 26. Qh6 Qf8 27. Qxf8+
Kxf8 28. Be4 Be6 29. Kb1 Rb8 30. Rd2 Ke8 31. h4 h5 32. Rc1 Rb5 33. Rxd4 1-0

[Event "Ì17Â"]
[Site "Loo"]
[Date "2017.04.23"]
[Round "4.27"]
[White "Áîíäàðåíêî, Ìèøåëü."]
[Black "Áàáàíèí, Ãëåá."]
[Result "0-1"]
[WhiteElo "1858"]
[BlackElo "2054"]
[PlyCount "90"]
[EventDate "2017.04.20"]

1. c4 Nf6 2. Nc3 c5 3. g3 d5 4. cxd5 Nxd5 5. Nxd5 Qxd5 6. Nf3 Nc6 7. Bg2 Bg4 8.
O-O Qd7 9. d3 e5 10. Re1 Be7 11. b3 O-O 12. Bb2 f6 13. Rc1 Rac8 14. Qd2 Rfd8
15. Red1 Qe6 16. Qe1 Nb4 17. a3 Nc6 18. Nd2 b6 19. f3 Bf5 20. g4 Bg6 21. h4 Nd4
22. Bxd4 exd4 23. h5 Bf7 24. Rb1 Bd6 25. Ne4 Bf4 26. Qh4 Qe5 27. Kh1 Rc6 28.
Bf1 g5 29. Qh3 f5 30. Nf2 Qe3 31. Kg2 Rh6 32. Rb2 Re8 33. Re1 a5 34. a4 Qe7 35.
Reb1 Qb7 36. Kg1 fxg4 37. Nxg4 Rd6 38. Bg2 Rde6 39. Kf1 b5 40. Nf2 bxa4 41. Ne4
axb3 42. Nxc5 Qc7 43. Nxb3 Rb6 44. Qf5 Re5 45. Qg4 Be6 0-1

[Event "Ì19"]
[Site "Loo"]
[Date "2017.04.23"]
[Round "4.1"]
[White "Åëåöêèé, Èâàí."]
[Black "Äðûãàëîâ, Ñåðãåé."]
[Result "1-0"]
[WhiteElo "2367"]
[BlackElo "2419"]
[PlyCount "119"]
[EventDate "2017.04.20"]

1. e4 c5 2. Nf3 e6 3. d4 cxd4 4. Nxd4 Nc6 5. Nc3 Qc7 6. Be3 a6 7. Qf3 Nf6 8.
O-O-O Ne5 9. Qg3 b5 10. Nf3 d6 11. Nxe5 dxe5 12. f3 Rb8 13. Kb1 b4 14. Na4 Bd7
15. b3 Bxa4 16. bxa4 Rc8 17. Bd3 Nh5 18. Qf2 Qc6 19. Qe2 Ra8 20. f4 Nf6 21.
fxe5 Nd7 22. Bc4 Nxe5 23. Bb3 Bd6 24. Qd2 Rd8 25. Bg5 Rd7 26. Bf4 Be7 27. Qe2
Rxd1+ 28. Rxd1 Ng6 29. Bc1 O-O 30. Bb2 Rc8 31. g3 a5 32. h4 Qc7 33. h5 Ne5 34.
h6 Bf6 35. hxg7 Bxg7 36. Qh5 Qc5 37. g4 Ng6 38. Rd8+ Nf8 39. Rxc8 Qxc8 40. Bxg7
Kxg7 41. Qxa5 Qb8 42. Qc5 Nd7 43. Qe7 Qa7 44. Qxb4 Qg1+ 45. Kb2 Nc5 46. a5 Qf2
47. Qc4 Nd7 48. a6 Qb6 49. g5 Kg6 50. a4 Nc5 51. Qb5 Qd6 52. a7 Qd4+ 53. Ka2
Nxe4 54. Qd3 Qxa7 55. Qxe4+ Kxg5 56. Qxh7 Kf6 57. Qh5 Ke7 58. a5 Kd6 59. Qb5
Kc7 60. Qe5+ 1-0

[Event "Ì19"]
[Site "Loo"]
[Date "2017.04.23"]
[Round "4.2"]
[White "Ñàâåíêîâ, Êîíñòàíòèí."]
[Black "Ìóðòàçèí, Áóëàò."]
[Result "1/2-1/2"]
[WhiteElo "2324"]
[BlackElo "2406"]
[PlyCount "138"]
[EventDate "2017.04.20"]

1. e4 c5 2. a3 g6 3. h4 Nc6 4. h5 g5 5. Nc3 Nf6 6. Nge2 d5 7. d4 cxd4 8. Nxd4
Nxe4 9. Nxc6 bxc6 10. Nxe4 dxe4 11. Qxd8+ Kxd8 12. Bxg5 Bg4 13. Rh4 f5 14. h6
Rg8 15. Bf4 e6 16. Ba6 Be7 17. Rh1 Bg5 18. Be5 Kd7 19. Be2 Bxe2 20. Kxe2 Ke7
21. Rad1 Rad8 22. Bd4 a6 23. g3 Kf7 24. b4 Be7 25. c4 Rb8 26. Be5 Rb7 27. Bd6
Bf6 28. Bc5 Bb2 29. Rb1 Be5 30. Rhd1 Kg6 31. Bd6 Bf6 32. Bc5 Be5 33. Bd6 Bf6
34. a4 Rc8 35. Bc5 Be5 36. Bd6 Bf6 37. Bc5 Be5 38. Bd6 Bf6 39. Bf4 Be7 40. b5
cxb5 41. cxb5 Rc2+ 42. Rd2 Rc4 43. Be3 Rxa4 44. b6 Rc4 45. Ra2 Bc5 46. Rxa6
Bxe3 47. Kxe3 Rc6 48. Kf4 Kf6 49. g4 e5+ 50. Kg3 Kg5 51. gxf5 Rxh6 52. Ra7
Rbxb6 53. Rxb6 Rxb6 54. Rxh7 Rb3+ 55. Kg2 Kxf5 56. Kf1 Rb2 57. Rf7+ Ke6 58. Rf8
e3 59. fxe3 Kd5 60. Ra8 Ke4 61. Ra3 Rd2 62. Ke1 Rh2 63. Rb3 Ra2 64. Rc3 Kf3 65.
e4+ Kxe4 66. Rb3 Kf4 67. Rc3 e4 68. Rb3 e3 69. Rb8 Ra1+ 1/2-1/2

[Event "Ì19"]
[Site "Loo"]
[Date "2017.04.23"]
[Round "4.3"]
[White "Ñìèðíîâ, Òèìîôåé."]
[Black "Òèìåðõàíîâ, Àëåêñàíäð."]
[Result "1-0"]
[WhiteElo "2296"]
[BlackElo "2322"]
[PlyCount "135"]
[EventDate "2017.04.20"]

1. e4 c5 2. Nf3 d6 3. d4 Nf6 4. Nc3 cxd4 5. Nxd4 a6 6. h3 e5 7. Nde2 h5 8. g3
Nbd7 9. a4 b6 10. Bg2 Bb7 11. O-O Be7 12. Bg5 Rc8 13. h4 O-O 14. Qd2 Bc6 15.
Nc1 Qc7 16. Nd3 a5 17. Qe2 Rfe8 18. Rfd1 g6 19. Rd2 Nf8 20. Bh3 Rcd8 21. Rad1
N8h7 22. Bxf6 Nxf6 23. Bg2 Bf8 24. Qe1 Bh6 25. Re2 Bd7 26. Bf3 Rc8 27. Nc1 Red8
28. N1a2 Kg7 29. b3 g5 30. hxg5 Bxg5 31. Bg2 Qc5 32. Rd3 Rh8 33. Kf1 h4 34.
gxh4 Rxh4 35. Rg3 Ng4 36. Nd5 Rch8 37. Kg1 Qc8 38. Qc3 Qg8 39. f4 Qh7 40. Kf1
Rc8 41. Qb2 Rh2 42. fxe5 dxe5 43. Bf3 Qh4 44. Rxg4 Rh1+ 45. Rg1 Rxg1+ 46. Kxg1
Qg3+ 47. Bg2 Bh3 48. Qa1 Rh8 49. Qc3 Qg4 50. Qf3 Qc8 51. Bxh3 Rxh3 52. Qf5 Qc5+
53. Kg2 Rh6 54. Rf2 f6 55. Qd7+ Kf8 56. Qd8+ Kf7 57. Qc7+ Qxc7 58. Nxc7 Be3 59.
Re2 Bf4 60. Rf2 Rg6+ 61. Kf1 Be3 62. Rg2 Rh6 63. Nd5 Rh1+ 64. Ke2 Bd4 65. Nac3
Rh3 66. Kd2 Ke6 67. Ne2 Bc5 68. Nef4+ 1-0

[Event "Ì19"]
[Site "Loo"]
[Date "2017.04.23"]
[Round "4.4"]
[White "Õàíèí, Ñåìåí."]
[Black "Ðàäæàáîâ, Ðîäèîí."]
[Result "0-1"]
[WhiteElo "2430"]
[BlackElo "2302"]
[PlyCount "61"]
[EventDate "2017.04.20"]

1. e4 c5 2. Nf3 e6 3. d4 cxd4 4. Nxd4 Nc6 5. Nc3 Qc7 6. Be3 a6 7. Qf3 Nf6 8.
O-O-O d6 9. Be2 Bd7 10. Qg3 Rc8 11. Kb1 b5 12. Bxb5 axb5 13. Ndxb5 Qb8 14.
Nxd6+ Bxd6 15. Qxd6 Qxd6 16. Rxd6 Ne5 17. Ra6 O-O 18. f3 Ra8 19. Rxa8 Rxa8 20.
b3 Bc6 21. Rd1 Ne8 22. Rd4 Kf8 23. b4 Ke7 24. b5 Bb7 25. Kb2 Nd6 26. Kb3 Rc8
27. a4 Nec4 28. Bg1 f6 29. Rd1 Nb6 30. Rd3 Nd7 31. Be3 {
äàëåå çàïèñü íåðàçáîð~~èâà} 0-1

[Event "Ì19"]
[Site "Loo"]
[Date "2017.04.23"]
[Round "4.5"]
[White "Åëèñòðàòîâ, Ñåì¸í."]
[Black "Àêìàëîâ, Äàíèèë."]
[Result "0-1"]
[WhiteElo "2417"]
[BlackElo "2286"]
[PlyCount "90"]
[EventDate "2017.04.20"]

1. e4 g6 2. d4 Bg7 3. Nc3 d6 4. f4 a6 5. Nf3 b5 6. Bd3 Nd7 7. Be3 Bb7 8. O-O
Ngf6 9. e5 Nd5 10. Nxd5 Bxd5 11. a4 b4 12. Qe2 a5 13. c4 bxc3 14. bxc3 e6 15.
c4 Bxf3 16. Qxf3 O-O 17. Be4 Rb8 18. c5 f6 19. exd6 cxd6 20. Rac1 f5 21. Bc6 d5
22. Rb1 Qc7 23. Bxd7 Qxd7 24. Qd1 Rxb1 25. Qxb1 Qxa4 26. Qb6 Re8 27. c6 Qb4 28.
Rb1 Qxb6 29. Rxb6 Rc8 30. Kf1 Bf8 31. Ke2 a4 32. Bd2 a3 33. Ra6 Kf7 34. Kd3 Bd6
35. g3 Rb8 36. Bc3 h6 37. Kc2 Kf6 38. Ba5 Rc8 39. Kb3 g5 40. fxg5+ hxg5 41. Ka4
a2 42. Bc3 Rb8 43. Ra7 Rb1 44. c7 Bxc7 45. Rxc7 Rc1 0-1

[Event "Ì19"]
[Site "Loo"]
[Date "2017.04.23"]
[Round "4.6"]
[White "Ëèòâèíîâ, Ìàêñèì."]
[Black "Àñêåðîâ, Ìàðàò."]
[Result "0-1"]
[WhiteElo "2384"]
[BlackElo "2213"]
[PlyCount "100"]
[EventDate "2017.04.20"]

1. d4 Nf6 2. Nf3 e6 3. Bf4 c5 4. e3 b6 5. h3 Be7 6. Nbd2 O-O 7. c3 d6 8. Be2
Bb7 9. O-O cxd4 10. exd4 Nbd7 11. Re1 Re8 12. a4 a6 13. Bh2 Qc7 14. Bd3 Bc6 15.
c4 Qb7 16. b4 b5 17. axb5 axb5 18. c5 dxc5 19. dxc5 Nd5 20. Ne5 Nxe5 21. Bxe5
f6 22. Qh5 fxe5 23. Qxh7+ Kf8 24. Bg6 Nf6 25. Qh8+ Ng8 26. Bxe8 Rxe8 27. f3 Rd8
28. Ne4 Rd4 29. Qh5 Rxb4 30. Qxe5 Bxe4 31. fxe4 Nf6 32. Qxe6 Bxc5+ 33. Kh1 Rxe4
34. Rxe4 Nxe4 35. Rf1+ Nf6 36. Rc1 Qd7 37. Qa6 Be7 38. Qa8+ Kf7 39. Rf1 b4 40.
g4 Qd3 41. Kg2 Bc5 42. Qf3 Qd2+ 43. Kh1 Bd6 44. Qg2 Qxg2+ 45. Kxg2 Ke6 46. Kf3
g5 47. Ke3 Nd5+ 48. Ke4 b3 49. Rf3 b2 50. Rb3 b1=Q+ 0-1

[Event "Ì19"]
[Site "Loo"]
[Date "2017.04.23"]
[Round "4.7"]
[White "Ãîëüöåâ, Äìèòðèé."]
[Black "Îôèöåðüÿí, Áîðèñ."]
[Result "0-1"]
[WhiteElo "2161"]
[BlackElo "2371"]
[PlyCount "100"]
[EventDate "2017.04.20"]

1. e4 c5 2. Nf3 d6 3. d4 cxd4 4. Nxd4 Nf6 5. Nc3 a6 6. Bg5 Nbd7 7. Be2 e6 8.
Qd2 b5 9. a3 Bb7 10. f3 Be7 11. O-O O-O 12. Rad1 Rc8 13. Be3 Ne5 14. b3 Qc7 15.
Nb1 d5 16. exd5 Nxd5 17. Bf2 Rfd8 18. Bg3 Bd6 19. Kh1 Ng6 20. Bxd6 Qxd6 21. Bd3
Ndf4 22. Ne2 Nxd3 23. cxd3 Ne7 24. b4 Nf5 25. Nec3 Qb6 26. Rfe1 Rc7 27. a4 Rdc8
28. axb5 axb5 29. Qf4 h6 30. Rc1 Rd7 31. Qe5 Rxd3 32. Qxb5 Qxb5 33. Nxb5 Rxc1
34. Rxc1 Rb3 35. Nd2 Rxb4 36. Rb1 Ra4 37. Nc3 Ra7 38. Nc4 Bd5 39. Ne5 Rc7 40.
Ne2 f6 41. Ng6 e5 42. Rb8+ Kf7 43. Nh8+ Ke6 44. Ng6 Rc2 45. Ng1 Ne3 46. Nf8+
Kf7 47. Nd7 Nxg2 48. Nb6 Bc6 49. Rc8 Ne1 50. Nd5 Bxd5 0-1

[Event "Ì19"]
[Site "Loo"]
[Date "2017.04.23"]
[Round "4.8"]
[White "Ãàëü÷åíêî, Ìàòâåé."]
[Black "Áû÷êîâ, Âëàäèìèð."]
[Result "1-0"]
[WhiteElo "2346"]
[BlackElo "2202"]
[PlyCount "91"]
[EventDate "2017.04.20"]

1. c4 d6 2. Nc3 Nf6 3. g3 e5 4. Bg2 c6 5. Nf3 Be7 6. O-O O-O 7. d3 Bg4 8. Rb1
Nbd7 9. h3 Bh5 10. b4 h6 11. b5 d5 12. bxc6 bxc6 13. cxd5 cxd5 14. g4 Bg6 15.
Nh4 Bh7 16. Nf5 Bxf5 17. gxf5 Nb6 18. e4 Qd7 19. Qf3 Rac8 20. Nxd5 Nfxd5 21.
exd5 Rfd8 22. Bb2 Bf6 23. Rfe1 Qd6 24. Qg3 Nxd5 25. Bxe5 Bxe5 26. Rxe5 Nf6 27.
Bf1 Rc2 28. a4 Qd4 29. Re7 Nd5 30. Re4 Qf6 31. Rb8 Rxb8 32. Qxb8+ Kh7 33. Qxa7
Qxf5 34. Qd4 Nf6 35. Rf4 Qg5+ 36. Kh2 h5 37. Bg2 Rc1 38. Qe3 Ra1 39. Rd4 Qa5
40. Qf4 Qe1 41. Rd8 Qg1+ 42. Kg3 Kg6 43. h4 Qc1 44. Be4+ Nxe4+ 45. Qxe4+ f5 46.
Qe6+ 1-0

[Event "Ì19"]
[Site "Loo"]
[Date "2017.04.23"]
[Round "4.9"]
[White "Èíäæèåâ, Àëäàð."]
[Black "Ãàëàêòèîíîâ, Àðòåì."]
[Result "1-0"]
[WhiteElo "2050"]
[BlackElo "2346"]
[PlyCount "111"]
[EventDate "2017.04.20"]

1. d4 d5 2. Bg5 c5 3. dxc5 h6 4. Bh4 Qa5+ 5. Nc3 e6 6. e4 g5 7. exd5 gxh4 8.
Qd4 Rh7 9. dxe6 Bxc5 10. Bb5+ Qxb5 11. exf7+ Rxf7 12. Qe4+ Re7 13. Qxe7+ Nxe7
14. Nxb5 Na6 15. O-O-O Bg4 16. Nf3 h3 17. Rd3 hxg2 18. Rg1 Nb4 19. Rb3 Rd8 20.
a3 Nbc6 21. Rxg2 Ne5 22. Nc7+ Kf8 23. Rxg4 Nxg4 24. Ne6+ Ke8 25. Nxc5 Nxf2 26.
Nd3 Nxd3+ 27. Rxd3 Rc8 28. Rd6 Nf5 29. Rd3 Ke7 30. Nd4 Rf8 31. Nxf5+ Rxf5 32.
b4 Rh5 33. h3 Rg5 34. Kb2 h5 35. c3 a5 36. Kb3 axb4 37. axb4 Ke6 38. Ka4 b6 39.
c4 Re5 40. Rd5 Rxd5 41. cxd5+ Kxd5 42. Kb5 h4 43. Kxb6 Ke4 44. Kc5 Kf3 45. b5
Kg3 46. b6 Kxh3 47. b7 Kg2 48. b8=Q h3 49. Qg8+ Kf2 50. Qf7+ Kg2 51. Qd5+ Kg1
52. Qg5+ Kh1 53. Qd5+ Kg1 54. Qd4+ Kf1 55. Qh4 Kg2 56. Qg4+ 1-0

[Event "Ì19"]
[Site "Loo"]
[Date "2017.04.23"]
[Round "4.10"]
[White "Îâ÷èííèêîâ, Âñåâîëîä."]
[Black "Ëàïèí, Ïåòð."]
[Result "1-0"]
[WhiteElo "2319"]
[BlackElo "2188"]
[PlyCount "79"]
[EventDate "2017.04.20"]

1. Nf3 Nf6 2. g3 b5 3. Bg2 Bb7 4. O-O e6 5. b3 Be7 6. c4 bxc4 7. bxc4 c5 8. Nc3
O-O 9. Rb1 Bc6 10. d3 d6 11. Bd2 Nbd7 12. Ne1 Bxg2 13. Nxg2 d5 14. cxd5 exd5
15. Qc2 Ne5 16. Bf4 Nc6 17. Qa4 Qd7 18. Bg5 h6 19. Bxf6 Bxf6 20. Rfc1 Rab8 21.
Nf4 Rxb1 22. Nxb1 Rb8 23. Nd2 Rb4 24. Qd1 Be5 25. e3 Qd6 26. Ne2 Rb2 27. Nb3 c4
28. dxc4 dxc4 29. Qxd6 Bxd6 30. Rxc4 Nb4 31. Ned4 Rxa2 32. Nb5 Bf8 33. Rc8 g6
34. Ra8 a6 35. Nc7 Nd3 36. f4 Nb4 37. Nc5 a5 38. Nd7 a4 39. Rxf8+ Kg7 40. Ne8+
1-0

[Event "Ì19"]
[Site "Loo"]
[Date "2017.04.23"]
[Round "4.11"]
[White "Àáåëãóçèí, Äèíàð."]
[Black "Íàñèáóëëèí, Èñêàíäåð."]
[Result "1-0"]
[WhiteElo "2406"]
[BlackElo "2162"]
[PlyCount "67"]
[EventDate "2017.04.20"]

1. e4 c5 2. Nf3 e6 3. g3 d5 4. exd5 exd5 5. Nc3 Nf6 6. d4 Be7 7. Bg2 O-O 8. O-O
Nc6 9. h3 Ne4 10. Re1 cxd4 11. Nxe4 dxe4 12. Rxe4 Bf6 13. g4 h6 14. a3 Be6 15.
Qd3 Bd5 16. Re1 Qb6 17. Bd2 Rad8 18. g5 hxg5 19. Bxg5 Bxg5 20. Nxg5 g6 21. Qg3
Bxg2 22. Kxg2 Qxb2 23. Qh4 Kg7 24. Rab1 Qxc2 25. Rxb7 Ne5 26. Ne6+ Kg8 27. Nxd8
Nf3 28. Kxf3 Qc3+ 29. Kg2 Qxe1 30. Nc6 Qc3 31. Qf6 Qc5 32. Rd7 Qc2 33. Ne7+ Kh7
34. Rxd4 1-0

[Event "Ì19"]
[Site "Loo"]
[Date "2017.04.23"]
[Round "4.12"]
[White "Êëþêèí, Êèðèëë."]
[Black "Êðèâöîâ, Àëåêñàíäð."]
[Result "1-0"]
[WhiteElo "2250"]
[BlackElo "2206"]
[PlyCount "87"]
[EventDate "2017.04.20"]

1. d4 f5 2. Nc3 Nf6 3. Bg5 e6 4. e4 fxe4 5. Nxe4 Be7 6. Bxf6 Bxf6 7. Qh5+ g6 8.
Qh6 d5 9. Nxf6+ Qxf6 10. Nf3 c5 11. h4 Nc6 12. Bb5 Bd7 13. Bxc6 Bxc6 14. h5
O-O-O 15. c3 Qf5 16. Qe3 gxh5 17. Kd2 Rhg8 18. Rh2 Rg4 19. Re1 Re4 20. Qg5 Qf8
21. a3 cxd4 22. cxd4 Be8 23. Rc1+ Bc6 24. Rxh5 Qf7 25. Rh2 Qc7 26. b4 Qb6 27.
Rxh7 Qa6 28. Rc3 Qe2+ 29. Kc1 Qf1+ 30. Kc2 Qxf2+ 31. Nd2 Rxd4 32. b5 Rxd2+ 33.
Qxd2 Qf5+ 34. Qd3 Qf2+ 35. Kc1 Rf8 36. bxc6 b5 37. Rc2 Qe1+ 38. Kb2 Rf1 39.
Rh8+ Kc7 40. Qh7+ Kd6 41. Qd7+ Ke5 42. Rh5+ Kd4 43. Qg7+ e5 44. Qxe5+ 1-0

[Event "Ì19"]
[Site "Loo"]
[Date "2017.04.23"]
[Round "4.13"]
[White "Áûêîâ, Åãîð."]
[Black "Àôàíàñüåâ, Íèêèòà."]
[Result "1/2-1/2"]
[WhiteElo "2263"]
[BlackElo "2349"]
[PlyCount "81"]
[EventDate "2017.04.20"]

1. d4 g6 2. c4 Bg7 3. Nc3 d6 4. e4 c6 5. Nf3 a6 6. Be2 Nd7 7. O-O b5 8. Be3
Ngf6 9. e5 Ng4 10. Ng5 Nxe3 11. fxe3 O-O 12. e6 Nf6 13. exf7+ Kh8 14. Qe1 Bh6
15. Qh4 Kg7 16. Bf3 Bd7 17. Rae1 Rb8 18. Nge4 b4 19. Nxf6 exf6 20. Ne4 Bf5 21.
Qg3 Bxe4 22. Bxe4 d5 23. cxd5 cxd5 24. Bd3 Rb6 25. h4 Rxf7 26. h5 Bg5 27. Rf3
Re6 28. Qh3 Rfe7 29. Kf2 f5 30. hxg6 hxg6 31. g4 f4 32. Rh1 fxe3+ 33. Ke2 Qg8
34. Rhf1 Rd6 35. Rf8 Qxf8 36. Rxf8 Kxf8 37. Qh8+ Kf7 38. Qh7+ Kf8 39. Qh8+ Kf7
40. Qh7+ Kf8 41. Qh8+ 1/2-1/2

[Event "Ì19"]
[Site "Loo"]
[Date "2017.04.23"]
[Round "4.14"]
[White "Ãîðîæàíêèí, Âàäèì."]
[Black "Äðûãàëîâ, Àíäðåé."]
[Result "0-1"]
[WhiteElo "2190"]
[BlackElo "2389"]
[PlyCount "84"]
[EventDate "2017.04.20"]

1. d4 Nf6 2. c4 e6 3. g3 Bb4+ 4. Bd2 a5 5. Bg2 d6 6. Nf3 Nbd7 7. O-O e5 8. Nc3
O-O 9. a3 Bxc3 10. Bxc3 e4 11. Nd2 Qe7 12. Qc2 Re8 13. f3 e3 14. Ne4 d5 15.
Nxf6+ Nxf6 16. b3 c6 17. c5 Bd7 18. a4 h5 19. b4 axb4 20. Bxb4 Nh7 21. Rfb1 Ng5
22. Ba3 Ne6 23. Rb4 h4 24. f4 hxg3 25. hxg3 Qf6 26. Qd1 Qg6 27. Kh2 Qh5+ 28.
Kg1 Qg4 29. Qe1 Rad8 30. Bc1 Bc8 31. Ra3 Nf8 32. Bxe3 Re7 33. Bf3 Qg6 34. Kf2
Nh7 35. Qh1 Nf6 36. Qh4 Rde8 37. Rab3 Bg4 38. Qg5 Qc2 39. Rc3 Ne4+ 40. Bxe4
Qxe2+ 41. Kg1 Rxe4 42. f5 Bf3 0-1

[Event "Ì19"]
[Site "Loo"]
[Date "2017.04.23"]
[Round "4.15"]
[White "Ãóí÷åíêî, Âàäèì."]
[Black "Áåçîòå÷åñòâî, Êîíñòàíòèí."]
[Result "1-0"]
[WhiteElo "2292"]
[BlackElo "2160"]
[PlyCount "77"]
[EventDate "2017.04.20"]

1. d4 d5 2. c4 c6 3. Nc3 dxc4 4. Nf3 b5 5. g3 Nf6 6. Bg2 e6 7. O-O Bb7 8. a4 a6
9. Ne5 Nd5 10. e4 Nxc3 11. bxc3 Nd7 12. f4 Nxe5 13. fxe5 Be7 14. Qg4 g6 15. Qf3
O-O 16. Bh6 Qc7 17. axb5 cxb5 18. Bxf8 Rxf8 19. Qf4 Kg7 20. Kh1 h6 21. Ra2 a5
22. d5 Bg5 23. Qf3 Bc8 24. Qf2 Bd8 25. Qb2 Qb6 26. Rb1 Bd7 27. Qa3 Re8 28. Rf1
Rf8 29. Raf2 b4 30. cxb4 axb4 31. Qf3 f5 32. exf6+ Rxf6 33. Qxf6+ Bxf6 34. Rxf6
Qd6 35. Rf7+ Kg8 36. e5 Qxe5 37. Rxd7 c3 38. dxe6 Qe2 39. Rd8+ 1-0

[Event "Ì19"]
[Site "Loo"]
[Date "2017.04.23"]
[Round "4.16"]
[White "Òðóá÷àíèíîâ, Òèìóð."]
[Black "×åðåäíè÷åíêî, Äìèòðèé."]
[Result "1-0"]
[WhiteElo "2185"]
[BlackElo "2282"]
[PlyCount "57"]
[EventDate "2017.04.20"]

1. c4 f5 2. g3 Nf6 3. Bg2 e6 4. Nf3 c6 5. d4 d5 6. O-O Bd6 7. Nc3 O-O 8. Qc2
Nbd7 9. cxd5 cxd5 10. Nb5 Bb8 11. Bf4 Bxf4 12. gxf4 Nb6 13. Rac1 Bd7 14. Na3
Rc8 15. Qd2 Ne4 16. Qa5 Rxc1 17. Rxc1 Qb8 18. Ne5 Rc8 19. Rxc8+ Qxc8 20. Bxe4
dxe4 21. Qxa7 Qc1+ 22. Kg2 Qxf4 23. Qb8+ Bc8 24. Qc7 h6 25. e3 Qg5+ 26. Kf1 f4
27. exf4 Qxf4 28. Qxb6 e3 29. Qd8+ 1-0

[Event "Ì19"]
[Site "Loo"]
[Date "2017.04.23"]
[Round "4.17"]
[White "Àçèìîâ, Èëüÿñ."]
[Black "Õàð÷åíêî, Àëåêñåé."]
[Result "0-1"]
[WhiteElo "2171"]
[BlackElo "2263"]
[PlyCount "140"]
[EventDate "2017.04.20"]

1. e4 c5 2. Nf3 g6 3. Nc3 Bg7 4. h3 Nc6 5. Bb5 Nd4 6. Nxd4 cxd4 7. Ne2 Nf6 8.
Ng3 h5 9. Qe2 h4 10. Nf1 Rh5 11. Bd3 d5 12. e5 Nd7 13. e6 Nc5 14. exf7+ Kxf7
15. f4 Nxd3+ 16. cxd3 Rf5 17. Nh2 Rxf4 18. Nf3 e6 19. O-O Qf6 20. b3 e5 21. Bb2
Rf5 22. Rae1 Kg8 23. Rc1 Bd7 24. a4 Rf8 25. Ba3 Re8 26. Bb2 Rf4 27. Rce1 Qb6
28. Ba3 Bf5 29. Ng5 Rxf1+ 30. Rxf1 Qf6 31. Ne4 dxe4 32. dxe4 Qb6 33. exf5 d3+
34. Qf2 Qxf2+ 35. Rxf2 gxf5 36. Rxf5 Bh6 37. Bb4 e4 38. Rd5 Rc8 39. Bc3 e3 40.
Rxd3 e2 41. Kf2 Re8 42. Ke1 Bf4 43. Bd4 Bg3+ 44. Rxg3+ hxg3 45. Bxa7 Re4 46.
Bb8 Rb4 47. Bxg3 Rxb3 48. Bc7 Rb4 49. a5 Re4 50. d4 Rxd4 51. Kxe2 Rc4 52. Bb6
Rc3 53. Kf2 Kf7 54. h4 Ke6 55. g4 Rd3 56. Be3 Kf6 57. h5 Rd5 58. Bb6 Rd3 59.
Ke2 Rg3 60. Bd8+ Kg7 61. g5 Rh3 62. Bf6+ Kf7 63. h6 Kg6 64. Kd2 Rb3 65. Bd8 Rb5
66. Kc3 Rd5 67. Bb6 Rxg5 68. Kc4 Rg2 69. Be3 Re2 70. Kd3 Rg2 {
äàëåå çàïèñü íåðàçáîð~~èâà} 0-1

[Event "Ì19"]
[Site "Loo"]
[Date "2017.04.23"]
[Round "4.18"]
[White "Áóö, Íèêèòà."]
[Black "Ñïèðèäîíîâ, Åâãåíèé."]
[Result "1-0"]
[WhiteElo "2260"]
[BlackElo "2130"]
[PlyCount "119"]
[EventDate "2017.04.20"]

1. d4 Nf6 2. c4 g6 3. Nf3 Bg7 4. g3 O-O 5. Bg2 d6 6. O-O Nc6 7. Nc3 Rb8 8. Bf4
Bf5 9. d5 Na5 10. Nd2 c5 11. e4 Bd7 12. e5 Ne8 13. Re1 a6 14. Rc1 h6 15. h4 Rc8
16. e6 fxe6 17. dxe6 Bc6 18. Qc2 Bxg2 19. Kxg2 Rf5 20. h5 Nc6 21. hxg6 Nd4 22.
Qd3 Nc7 23. Nb3 Qf8 24. Nxd4 cxd4 25. Na4 Qf6 26. Nb6 Re8 27. c5 Nxe6 28. Qc4
d5 29. Nxd5 Nxf4+ 30. Nxf4+ Kh8 31. Re6 Qg5 32. Nd3 Qg4 33. f4 Rf6 34. Rce1
Rxg6 35. Rxg6 Qxg6 36. Re6 Qf5 37. Ne5 Qe4+ 38. Kh2 Qf5 39. Ng6+ Kh7 40. Nxe7
Qb1 41. Re2 Qd1 42. Qe6 Qd3 43. f5 Rf8 44. Qg6+ Kh8 45. Qh5 Kh7 46. Qg6+ Kh8
47. Qg4 Kh7 48. Kg2 Qb5 49. Qg6+ Kh8 50. Qe6 Kh7 51. f6 Bxf6 52. Qe4+ Kh8 53.
Ng6+ Kg8 54. Nxf8 Kxf8 55. Rf2 Kg7 56. Qf3 Qc6 57. Qxc6 bxc6 58. Kf3 Kf7 59.
Ke4 Ke6 60. b4 1-0

[Event "Ì19"]
[Site "Loo"]
[Date "2017.04.23"]
[Round "4.19"]
[White "×èáóõ÷ÿí, Ýðèê."]
[Black "Áîíäàðåíêî, Èâàí."]
[Result "1/2-1/2"]
[WhiteElo "2149"]
[BlackElo "2251"]
[PlyCount "103"]
[EventDate "2017.04.20"]

1. e4 c5 2. Nf3 e6 3. d4 cxd4 4. Nxd4 Nf6 5. Nc3 d6 6. g4 e5 7. Nf5 h5 8. Bb5+
Nc6 9. Bg5 hxg4 10. Nd5 Bxf5 11. Bxf6 gxf6 12. exf5 Bh6 13. c3 Bg5 14. Be2 Ne7
15. Qa4+ Kf8 16. Nxe7 Qxe7 17. Qe4 Rh4 18. Bxg4 d5 19. Qe2 d4 20. cxd4 Qb4+ 21.
Kf1 exd4 22. h3 Re8 23. Qd3 Qxb2 24. Kg2 Qc3 25. Rhd1 Qc6+ 26. Kg1 Rd8 27. Qa3+
Kg7 28. Qg3 Qd6 29. Rd3 Rhh8 30. Rad1 Qe5 31. Ra3 a6 32. Qg2 Rd7 33. Bf3 b5 34.
Rdd3 Rd6 35. Bb7 a5 36. Rd1 b4 37. Rg3 Rh4 38. Rdd3 Rf4 39. Rg4 Qe1+ 40. Qf1
Qxf1+ 41. Kxf1 Rxg4 42. hxg4 Bc1 43. Rd1 Bb2 44. Be4 Rd8 45. Ke2 Kf8 46. f4 Ke7
47. g5 fxg5 48. fxg5 Kd6 49. g6 fxg6 50. fxg6 Ke5 51. Bd3 Rg8 52. Rf1 1/2-1/2

[Event "Ì19"]
[Site "Loo"]
[Date "2017.04.23"]
[Round "4.20"]
[White "Êàïïóøåâ, Àõìàò."]
[Black "Ñèí, Äåíèñ."]
[Result "0-1"]
[WhiteElo "1893"]
[BlackElo "2240"]
[PlyCount "78"]
[EventDate "2017.04.20"]

1. Nf3 c5 2. b3 d6 3. g3 e5 4. d3 g6 5. Bb2 Bg7 6. Bg2 Ne7 7. O-O O-O 8. Qc1
Nbc6 9. c4 h6 10. e3 Be6 11. Rd1 f5 12. Nc3 Rc8 13. Qd2 d5 14. cxd5 Nxd5 15.
Nxd5 Bxd5 16. Rac1 b6 17. Qe2 Be6 18. Ne1 Qd7 19. Nc2 Rfd8 20. Rd2 e4 21. Bxg7
exd3 22. Qf1 Kxg7 23. Bxc6 Rxc6 24. Ne1 c4 25. bxc4 Rxc4 26. Rcd1 Rc3 27. Rxd3
Rxd3 28. Rxd3 Qe7 29. Qe2 Rxd3 30. Nf3 Qa3 31. Qc2 Bxa2 32. Qc7+ Bf7 33. Qe5+
Kg8 34. Qb8+ Kh7 35. Qc7 Kg8 36. Qb8+ Qf8 37. Qxa7 Qd6 38. Qa6 Bd5 39. Qc8+ Kh7
0-1